The Six Jokers - Statistics

General Stats
  • This quiz has been taken 49 times
  • The average score is 4 of 6
Answer Stats
Answer % Correct
Heath Ledger
93%
Jack Nicholson
80%
Joaquin Phoenix
80%
Jared Leto
73%
Mark Hamill
51%
Cesar Romero
46%
No matching quizzes found
Score Distribution
Percent of People with Each Score
Percentile by Number Answered
Your Score History
You have not taken this quiz